| 000 | 00485nab a2200145Ia 4500 | ||
|---|---|---|---|
| 003 | ES-SlBCS | ||
| 005 | 20210601125241.0 | ||
| 008 | 140529s1980 xxu||||| |||| 00| 0 eng d | ||
| 041 | _aeng | ||
| 100 | 1 |
_aJohnson, A. H. _9155569 |
|
| 245 | 0 | 4 |
_aThe Status of Whitehead's Process and Reality Categories _c A. H. Johnson |
| 600 | 1 | 4 |
_aWhitehead, Alfred North _d, 1861-1947 _9131800 |
| 773 | 0 |
_tPhilosophy and Phenomenological Research _gvol. 40, 1980, págs. 313-323 _wRev1411 |
|
| 942 | _cAR | ||
| 999 |
_c527249 _d527249 |
||